000 00788nas a2200277 4500
001 BR8701385
003 BR-BrBNA
005 20231205090609.0
007 ta
008 230509b bl.|||p| |||| 00| 00por d
040 _aBR-BrBNA
_bpor
_cBiblioteca Nacional de Agricultura
041 _a(Pt)
072 _aP10; K10
100 1 _aRizzi, N.E.
245 1 _aFuncao da floresta na manutencao da qualidade da agua para uso humano
650 _aFLORESTA
650 _aAGUA POTAVEL
650 _aABASTECIMENTO DE AGUA
650 _aMANANCIAL
650 _aMATA CILIAR
650 _aCUSTO-BENEFICIO
650 _aPARANÁ
773 0 _tFloresta (Brazil)
_xISSN 0015-3826
_g(1985), v. 15(1-2) p. 54-65
_wBR8701385
909 _a202311
_bLúcia
_c55
_dLúcia Elande
942 _2AGRIS
_n0
_cANA
999 _c119627
_d119627